Catalogue of the nearctic Chalcidoidea (Insecta (Registro nro. 660)

Detalles MARC
000 -CABECERA
Campo de control 00513nam a2200193 a 4500
005 - FECHA Y HORA DE LA ULTIMA TRANSACCION
Campo de control 20140221123207.0
008 - ELEMENTOS DE LONGITUD FIJA—INFORMACION GENERAL
Campo de control 140221b1963 -CN||||| |||| 00| 0 eng d
041 ## - IDIOMA
Código de idioma para texto/pista de sonido o título separado Inglés
044 ## - PAÍS DE PUBLICACIÓN
País de publicación Canadá
090 ## - CLASIFICACIÓN LOCAL
Colección LB
Consecutivo 00644
100 ## - ASIENTO PRINCIPAL--NOMBRE PERSONAL
Nombre personal Peck, Oswald
245 ## - MENCION DE TITULO
Título Catalogue of the nearctic Chalcidoidea (Insecta
Parte restante del título Hymenoptera)
260 ## - PUBLICACION, DISTRIBUCION, ETC. (PIE DE IMPRENTA)
Lugar de publicación, distribución, etc. Ottawa
Nombre del editor, distribuidor, etc. Canadian Entomologist
Fecha de publicación, distribución, etc. 1963
300 ## - DESCRIPCION FISICA
Extensión 1092 p.
650 ## - ASIENTO SECUNDARIO DE MATERIA - TERMINO TEMATICO
Término temático o nombre geográfico como elemento de entrada Insecta
650 ## - ASIENTO SECUNDARIO DE MATERIA - TERMINO TEMATICO
Término temático o nombre geográfico como elemento de entrada Hymenoptera
650 ## - ASIENTO SECUNDARIO DE MATERIA - TERMINO TEMATICO
Término temático o nombre geográfico como elemento de entrada Sistemática
942 ## - ELEMENTOS ADICIONALES (KOHA)
Tipo de ítem Impreso
Sistema de clasificación Local
Existencias
Withdrawn status Lost status Sistema de Clasificación Damaged status No para préstamo Colección Inventariado Ubicación Permanente Ubicación actual Fecha de adquisición Fuente de Valor Total Checkouts Número topográfico Inventario / Código de Barras Date last seen Ejemplar Price effective from Forma de adquisición Tipo de material
    Local     Entomología Inventariado 2017 Villa de Leyva Villa de Leyva 07/01/1998 Amazon   LB-00644 000932 04/12/2012 Ej. 1 04/12/2012   Libro